Migration, migration, history, history : old paradigms and new perspectives

Αποθηκεύτηκε σε:
Λεπτομέρειες βιβλιογραφικής εγγραφής
Άλλοι συγγραφείς: Lucassen, Jan (Επιμελητής έκδοσης), Lucassen, Leo 1959- (Επιμελητής έκδοσης)
Μορφή: Βιβλίο
Γλώσσα:English
Δημοσίευση: Bern : Peter Lang, 1999
Σειρά:International and comparative social history
Θέματα:
Ετικέτες: Προσθήκη ετικέτας
Δεν υπάρχουν, Καταχωρήστε ετικέτα πρώτοι!

MARC

LEADER 00000nam a2200000 i 4500
001 1/84240
008 990623s1999 eng d
020 |a 3-906762-14-9 
035 |l 10051561 
040 |a GR-MY-UA  |b gre  |e aacr 
041 0 |a eng 
082 0 |a 304.8209 
245 1 0 |a Migration, migration, history, history :  |b old paradigms and new perspectives /  |c edited by Jan Lucassen, Leo Lucassen 
260 |a Bern :   |b Peter Lang,   |c 1999 
300 |a 454 p. 
490 1 |a International and comparative social history 
650 0 0 |a Emigration and immigration  |x History. 
650 0 0 |a Alien labor  |x History. 
700 1 |a Lucassen, Jan.  |4 edt 
700 1 |a Lucassen, Leo  |d 1959-  |4 edt 
830 0 |a International and comparative social history 
852 |a INST  |b RHODES  |e 19990623  |h 304.8209 MIG  |p 005400014967  |q 005400014967  |t BK  |y 0 
901 |a BIBL4-1999-2 
909 |a Ρ  |b 065861  |c 1999 
922 |a 4ΕΛΗ  |b 199905  |c ΚΠΣ/154  |d LEADER 
970 |a ΚΟΥΛΙΑΚΙΩΤΗ  |b ΕΥΑΓΓΕΛΙΑ  |z 19990623